The Individualized corporation : A fundamentally new approach to management
Salvato in:
| Autore principale: | |
|---|---|
| Natura: | Libro |
| Lingua: | Undetermined |
| Pubblicazione: |
New York
Harper Collins
1997
|
| Soggetti: | |
| Tags: |
Aggiungi Tag
Nessun Tag, puoi essere il primo ad aggiungerne! !
|
| Thư viện lưu trữ: | Trung tâm Học liệu Trường Đại học Cần Thơ |
|---|
| LEADER | 00596nam a2200193Ia 4500 | ||
|---|---|---|---|
| 001 | CTU_98534 | ||
| 008 | 210402s9999 xx 000 0 und d | ||
| 082 | |a 658.402 | ||
| 082 | |b G411 | ||
| 100 | |a Ghoshal, Sumantra | ||
| 245 | 4 | |a The Individualized corporation : | |
| 245 | 2 | |b A fundamentally new approach to management | |
| 245 | 0 | |c Sumantra Ghoshal, Christopher A. Bartlett | |
| 260 | |a New York | ||
| 260 | |b Harper Collins | ||
| 260 | |c 1997 | ||
| 650 | |a Decentralization in management,Employee empowerment | ||
| 904 | |i Năm | ||
| 980 | |a Trung tâm Học liệu Trường Đại học Cần Thơ | ||